MARC

LEADER 00000nam0a2200000 4500
001 270124
005 20231101234323.0
035 |a (RuTPU)RU\TPU\book\293304 
035 |a RU\TPU\book\293301 
090 |a 270124 
100 |a 20140924d1985 k y0rusy50 ca 
101 0 |a rus 
102 |a GE 
105 |a a z 001zy 
200 1 |a Горная электромеханика и автоматика  |d Mining electromechanics and automatics  |e научные труды  |f Грузинский государственный политехнический институт им. В. И. Ленина ; гл. ред. А. А. Дзидзигури 
210 |a Тбилиси  |c Изд-во ГПИ  |d 1985 
215 |a 78 с.  |c ил. 
225 1 |a Труды Грузинского политехнического института  |v № 5 (287) 
300 |a Рез. ст. на рус., англ., грузин. яз. 
320 |a Библиогр. в конце ст. 
510 1 |a Mining electromechanics and automatics  |z eng 
606 1 |a Горная электромеханика  |2 stltpush  |3 (RuTPU)RU\TPU\subj\7546  |9 35157 
606 1 |a Горная автоматика  |x Автоматические устройства  |x Надежность  |2 stltpush  |3 (RuTPU)RU\TPU\subj\64876  |9 81577 
610 1 |a горная электромеханика 
610 1 |a автоматика 
610 1 |a горное производство 
610 1 |a гидротранспортные системы 
610 1 |a канатные дороги 
610 1 |a пневмотранспорт 
610 1 |a научные труды 
610 1 |a оптимальные схемы 
610 1 |a технологические процессы 
610 1 |a прогнозирование 
610 1 |a эффективность 
610 1 |a дробление 
675 |a 622:621.3  |v 3 
675 |a 622.002.5-5  |v 3 
702 1 |a Дзидзигури  |b А. А.  |4 651 
712 0 2 |a Грузинский государственный политехнический институт им. В. И. Ленина  |c (Тбилиси)  |c (1959-1990)  |2 stltpush  |3 (RuTPU)RU\TPU\col\13604  |9 25717 
801 1 |a RU  |b 63413507  |c 20111027 
801 2 |a RU  |b 63413507  |c 20151027  |g RCR 
942 |c BK